000 00357nam a2200145Ia 4500
008 230711s9999||||xx |||||||||||||| ||und||
041 _aENG
082 _a621
_bAN-S
100 _aAnderson,james A
245 0 _aShop theory
250 _a1st
260 _c1975
_aNew Delhi
_bTata McGraw Hill Education Limited
650 _aMechanical Engineering
942 _cBK
999 _c934
_d934